000 00281nam a2200121 a 4500
008 101022s1987|||| d
100 1 _aLubinski, Slawomir
245 1 0 _aBalada o Januškovi
260 _bSmena
_aBratislava
_c1987
041 _aslo
020 _c24
044 _axo
_cSK
999 _c12029
_d12029